[Event "Helsingor Xtracon op"]
[Site "Helsingor"]
[Date "2018.07.26"]
[Round "7"]
[White "Shehzad, Alisha"]
[Black "Larsen, Jens Evald"]
[Result "1-0"]
[WhiteElo "1650"]
[BlackElo "1433"]
[PlyCount "85"]
[EventDate "2018.07.21"]
[EventType "swiss"]
[EventRounds "10"]
[EventCountry "DEN"]
[SourceTitle "CBM 185 Extra"]
[Source "ChessBase"]
[SourceDate "2018.07.29"]
[SourceVersion "1"]
[SourceVersionDate "2018.07.29"]
[SourceQuality "1"]

1. e4 e6 2. d4 d5 3. Nd2 dxe4 4. Nxe4 Nd7 5. Nf3 Ngf6 6. Nxf6+ Nxf6 7. Bd3 Be7 8. 0-0 b6 9. Re1 0-0 10. c3 Bb7 11. Bg5 Rc8 12. Qe2 Re8 13. Rad1 Nd5 14. Bxe7 Nxe7 15. Qc2 Ng6 16. Be4 Bxe4 17. Qxe4 Qd5 18. Qxd5 exd5 19. a4 h6 20. h3 Re6 21. Rxe6 fxe6 22. Re1 Re8 23. g3 c5 24. h4 cxd4 25. cxd4 Nf8 26. Rc1 Kf7 27. Ne5+ Kf6 28. Rc7 Re7 29. Rxe7 Kxe7 30. Nc6+ Kd6 31. Nxa7 e5 32. dxe5+ Kxe5 33. Kf1 Nd7 34. b4 Kd4 35. Nc6+ Kc3 36. a5 d4 37. Ke2 Nb8 38. Nxb8 Kc2 39. Nc6 d3+ 40. Ke3 d2 41. Nd4+ Kc1 42. Nb3+ Kc2 43. Nxd2 1-0

[Event "Helsingor Xtracon op"]
[Site "Helsingor"]
[Date "2018.07.21"]
[Round "1"]
[White "Kleimark, Anders Ludvig"]
[Black "Larsen, Jens Evald"]
[Result "1-0"]
[WhiteElo "2024"]
[BlackElo "1433"]
[PlyCount "47"]
[EventDate "2018.07.21"]
[EventType "swiss"]
[EventRounds "10"]
[EventCountry "DEN"]
[SourceTitle "CBM 185 Extra"]
[Source "ChessBase"]
[SourceDate "2018.07.29"]
[SourceVersion "1"]
[SourceVersionDate "2018.07.29"]
[SourceQuality "1"]

1. d4 d5 2. c4 e6 3. Nf3 Nf6 4. g3 Be7 5. Bg2 0-0 6. 0-0 b6 7. Qc2 h6 8. Nc3 Bb7 9. Bf4 a6 10. cxd5 exd5 11. Na4 Bd6 12. Bxd6 Qxd6 13. Rac1 Nc6 14. e3 Rac8 15. Bh3 Nd7 16. Qf5 Nf6 17. Qf4 Qxf4 18. gxf4 Rcd8 19. Ne5 Rd6 20. Rc2 b5 21. Nc5 Bc8 22. Bxc8 Rxc8 23. Nb7 Re6 24. Rxc6 1-0

[Event "DEN-ch G7-B"]
[Site "Skorping"]
[Date "2014.04.15"]
[Round "1"]
[White "Larsen, Jens Evald"]
[Black "Petersen, Bjarne"]
[Result "0-1"]
[WhiteElo "1242"]
[BlackElo "1657"]
[PlyCount "78"]
[EventDate "2014.04.15"]
[EventType "swiss"]
[EventRounds "7"]
[EventCountry "DEN"]
[SourceTitle "EXT 2023"]
[Source "ChessBase"]
[SourceDate "2022.10.05"]
[SourceVersion "1"]
[SourceVersionDate "2022.10.05"]
[SourceQuality "1"]

1. d4 g6 2. c4 Bg7 3. Nc3 c5 4. e3 d6 5. g3 Nc6 6. Nge2 Bg4 7. Bg2 cxd4 8. Bxc6+ bxc6 9. exd4 Nf6 10. 0-0 0-0 11. f3 Bf5 12. Be3 Qb6 13. Qd2 Qb7 14. Rac1 Rad8 15. d5 cxd5 16. cxd5 Rc8 17. g4 Bd7 18. Rc2 Rc4 19. Rfc1 Rfc8 20. b3 R4c7 21. Ne4 Nxd5 22. Rxc7 Rxc7 23. Rxc7 Nxc7 24. Qc2 Ne6 25. Qd2 d5 26. Nc5 Nxc5 27. Bxc5 e5 28. Nc3 d4 29. Ne4 a6 30. Kf2 Qd5 31. Ba3 Bxg4 32. Qg5 Bf5 33. Nf6+ Bxf6 34. Qxf6 Qa5 35. Qd6 Qd2+ 36. Kg3 Qf4+ 37. Kg2 Qg5+ 38. Kf2 Qh4+ 39. Kg2 Bh3+ 0-1

[Event "Politiken Cup 35th"]
[Site "Helsingor"]
[Date "2013.08.03"]
[Round "9"]
[White "Larsen, Jens Evald"]
[Black "Nielsen, Bjorn1"]
[Result "1-0"]
[WhiteElo "1533"]
[BlackElo "1458"]
[PlyCount "85"]
[EventDate "2013.07.27"]
[EventType "swiss"]
[EventRounds "10"]
[EventCountry "DEN"]
[SourceTitle "CBM 155 Extra"]
[Source "ChessBase"]
[SourceDate "2013.08.26"]
[SourceVersion "1"]
[SourceVersionDate "2013.08.26"]
[SourceQuality "1"]

1. d4 d5 2. c4 dxc4 3. e3 e6 4. Bxc4 Bb4+ 5. Bd2 Bxd2+ 6. Nxd2 Nc6 7. Ngf3 Na5 8. Be2 b6 9. 0-0 Nf6 10. Rc1 0-0 11. Ne5 Bb7 12. b4 Bd5 13. bxa5 Bxa2 14. Bc4 Bxc4 15. Ndxc4 b5 16. Nd2 a6 17. Rc6 Ne8 18. Nb3 Qe7 19. Nc5 Kh8 20. Rxa6 Rxa6 21. Nxa6 Qd6 22. Nc5 c6 23. Ncd7 f6 24. Qf3 Kg8 25. Qxc6 Qxc6 26. Nxc6 Rf7 27. Nb6 Nc7 28. Ra1 Rf8 29. Kf1 h6 30. Ke2 Kf7 31. Kd2 Na6 32. Rb1 b4 33. Nxb4 Nxb4 34. Rxb4 Rd8 35. Na4 e5 36. a6 g6 37. Rb7+ Ke6 38. a7 exd4 39. Rb8 Rd6 40. Rb6 dxe3+ 41. Kxe3 g5 42. Rxd6+ Kxd6 43. a8Q 1-0

[Event "Politiken Cup 35th"]
[Site "Helsingor"]
[Date "2013.07.30"]
[Round "5"]
[White "Larsen, Jens Evald"]
[Black "Egholm, Leif"]
[Result "0-1"]
[WhiteElo "1533"]
[BlackElo "1793"]
[PlyCount "30"]
[EventDate "2013.07.27"]
[EventType "swiss"]
[EventRounds "10"]
[EventCountry "DEN"]
[SourceTitle "CBM 155 Extra"]
[Source "ChessBase"]
[SourceDate "2013.08.26"]
[SourceVersion "1"]
[SourceVersionDate "2013.08.26"]
[SourceQuality "1"]

1. d4 Nf6 2. c4 c5 3. e3 cxd4 4. exd4 d6 5. Nf3 g6 6. h3 Bg7 7. Be3 0-0 8. Bd3 b6 9. Nc3 Bb7 10. 0-0 Nbd7 11. Nd2 Rc8 12. Nde4 d5 13. Nxf6+ Nxf6 14. b3 Ne8 15. cxd5 Rxc3 0-1